Judicial review of legislation (Record no. 344011)

000 -LEADER
fixed length control field 00341cam a22001217a 4500
008 - FIXED-LENGTH DATA ELEMENTS--GENERAL INFORMATION
fixed length control field 180718b1975 xxu||||| |||| 00| 0 eng d
082 ## - DEWEY DECIMAL CLASSIFICATION NUMBER
Classification number H31x54 D459
100 ## - MAIN ENTRY--PERSONAL NAME
Personal name Deshpande, V.S.
245 ## - TITLE STATEMENT
Title Judicial review of legislation
Statement of responsibility, etc. by V.S. Deshpande
260 ## - PUBLICATION, DISTRIBUTION, ETC.
Place of publication, distribution, etc. Lucknow
Name of publisher, distributor, etc. Eastern Book
Date of publication, distribution, etc. 1975
300 ## - PHYSICAL DESCRIPTION
Extent 311p.
650 ## - SUBJECT ADDED ENTRY--TOPICAL TERM
Topical term or geographic name entry element Judicial review --India
Holdings
Withdrawn status Lost status Damaged status Not for loan Permanent Location Current Location Date acquired Full call number Barcode Date last seen Price effective from Koha item type
        Indian Institute of Public Administration Indian Institute of Public Administration 1993-10-01 H31x54 D459 50163 2018-07-21 2018-07-21 Book

Powered by Koha